Devinez la Capitale Mystère #157 - Statistiques

Statistiques générales
  • Ce quiz a été pris 108 fois
  • Le résultat moyen est 30 sur 31
Statistiques - réponses
Type de Réponse Réponse % Correct
Lettre Trouvée A
100%
Lettre de l'Alphabet E
100%
Lettre Trouvée I
100%
Lettre Trouvée L
100%
Lettre de l'Alphabet R
100%
Lettre de l'Alphabet C
99%
Lettre de l'Alphabet D
99%
Lettre Trouvée M
99%
Lettre de l'Alphabet O
99%
Lettre de l'Alphabet P
99%
Lettre de l'Alphabet S
99%
Lettre de l'Alphabet N
97%
Lettre de l'Alphabet T
97%
Lettre de l'Alphabet U
97%
Lettre Bien Placée A
96%
Lettre de l'Alphabet B
96%
Lettre de l'Alphabet G
96%
Lettre Bien Placée L
95%
Lettre de l'Alphabet H
94%
Lettre de l'Alphabet V
94%
Lettre de l'Alphabet W
94%
Lettre de l'Alphabet F
92%
Lettre de l'Alphabet J
92%
Lettre de l'Alphabet K
92%
Lettre de l'Alphabet X
92%
Lettre Bien Placée I
91%
Lettre Bien Placée M
90%
Lettre de l'Alphabet Q
90%
Lettre de l'Alphabet Y
90%
Capitale Mystère Lima
89%
Lettre de l'Alphabet Z
89%
Aucun quiz correspondant
Distribution des résultats
% des personnes avec chaque résultat
Percentile par nombre de réponses
Votre historique - résultats
Vous n’avez pas pris ce quiz